[Event "34. Bayerische Senioren EM"]
[Site "Bergen im Chiemgau"]
[Date "2024.06.01"]
[Round "5.5"]
[White "Jagdhuber, Hans"]
[Black "Langer, Raimund"]
[Result "1/2-1/2"]
[Annotator "helga"]
[BlackElo "1637"]
[BlackTeam "SF Kirchhellen 50/72"]
[EventDate "2024.??.??"]
[PlyCount "36"]
[WhiteElo "1928"]
[WhiteTeam "SK Rochade Augsburg"]

1. c4 e5 2. Nc3 Nf6 3. Nf3 Nc6 4. e3 Bb4 5. Qc2 Bxc3 6. Qxc3 Qe7 7. d3 O-O 8. g3
Qb4 9. Bd2 Qxc3 10. Bxc3 d6 11. Bg2 Bf5 12. O-O-O a5 13. a3 h6 14. e4 Be6 15.
Nh4 Nd7 16. f4 f6 17. Nf3 Bf7 ( 17... a4 18. f5 Bf7 19. g4 Nc5 20. h4 Nb3+ 21.
Kb1 Nbd4 22. g5 Rfb8 23. gxh6 gxh6 24. Rdg1 Kh7 25. Nxd4 Nxd4 26. Bxd4 exd4 27.
Bf3 Rg8 28. Kc1 Rxg1+ 29. Rxg1 Rg8 30. Rxg8 Kxg8 31. Bd1 Be8 32. b3 axb3 33.
Bxb3 Kf8 34. a4 Ke7 35. Kb2 b6 36. Ka3 c5 37. a5 bxa5 38. Ba4 Bh5 39. Kb2 Kd8
40. Ka3 Kc7 41. Kb2 Kd8 42. Ka3 Kc7 )18. g4 Nc5  1/2-1/2

[Event "34. Bayerische Senioren EM"]
[Site "Bergen im Chiemgau"]
[Date "2024.06.01"]
[Round "5.6"]
[White "Taube, Hubertus"]
[Black "Schatz, Christian"]
[Result "1/2-1/2"]
[BlackElo "2150"]
[BlackTeam "SC Postbauer-Heng"]
[EventDate "2024.??.??"]
[PlyCount "22"]
[WhiteElo "2011"]
[WhiteTeam "SK Neuperlach"]

1. d4 Nf6 2. c4 c5 3. d5 b5 4. cxb5 a6 5. f3 axb5 6. e4 Qa5+ 7. Bd2 b4 8. Na3 d6
9. Nc4 Qc7 10. a4 bxa3 11. Rxa3 Rxa3  1/2-1/2

[Event "34. Bayerische Senioren EM"]
[Site "Bergen im Chiemgau"]
[Date "2024.06.01"]
[Round "5.7"]
[White "Dijkstra; M"]
[Black "Jergler, Karl-Heinz"]
[Result "0-1"]
[WhiteElo "1984"]
[BlackElo "2079"]
[PlyCount "106"]
[EventDate "2024.??.??"]
[WhiteTeam "SV Dubbelschaak"]
[BlackTeam "SC Rottal-Inn"]

{[%evp 0,106,29,-7,11,14,21,22,7,6,11,-13,-13,-26,9,13,4,2,4,-16,2,-9,11,-2,6,
11,17,16,16,5,10,33,35,17,38,42,45,48,47,32,13,12,31,-23,0,-19,-22,-46,-21,-21,
-1,-23,-29,-9,-21,-28,-39,-53,-53,-55,-56,-83,-69,-80,-46,-46,-6,0,13,-6,0,-17,
16,-28,33,1,39,43,17,26,29,35,46,0,0,0,0,0,0,0,0,-22,0,-17,39,0,0,-274,0,0,35,
-218,-250,-374,-382,-532,-526,-526,-596]} 1. c4 c5 2. g3 Nc6 3. Bg2 g6 4. Nc3
Bg7 5. e4 d6 6. Nge2 e6 7. O-O Nge7 8. d3 O-O 9. Be3 Nd4 10. Qd2 Rb8 11. Bh6
Nxe2+ 12. Nxe2 b5 13. Bxg7 Kxg7 14. cxb5 Rxb5 15. d4 Ba6 16. Rfd1 Qb8 17. Rab1
c4 18. Nc3 Rb4 19. f4 f6 20. e5 fxe5 21. dxe5 d5 22. Bh3 Qb6+ 23. Qf2 Qxf2+ 24.
Kxf2 Kf7 25. b3 Rfb8 26. Bf1 R8b6 27. bxc4 Bxc4 28. a3 Rb2+ 29. Rxb2 Rxb2+ 30.
Kg1 Bxf1 31. Rxf1 Rb3 32. Rc1 Rb6 33. Ne2 Rc6 34. Ra1 Nf5 35. Kf2 h5 36. Rb1
Rc7 37. h3 Ke8 38. Rb8+ Kd7 39. g4 hxg4 40. hxg4 Ne7 41. Rf8 Rc4 42. Rb8 Nc6
43. Rb7+ Ke8 44. g5 Ra4 45. Rc7 Rc4 46. Ke3 Kd8 47. Rb7 Ra4 48. Rb3 Na5 49.
Rb8+ Kd7 50. Nd4 Rxd4 51. Ra8 Nc6 52. Rxa7+ Nxa7 53. Kxd4 Nb5+ 0-1

[Event "34. Bayerische Senioren EM"]
[Site "Bergen im Chiemgau"]
[Date "2024.06.01"]
[Round "5.8"]
[White "Kell, Stefan"]
[Black "Ghijsen, Pim"]
[Result "0-1"]
[WhiteElo "1933"]
[BlackElo "2058"]
[PlyCount "98"]
[EventDate "2024.??.??"]
[WhiteTeam "SK Mangfalltal"]
[BlackTeam "VAS"]

{[%evp 0,98,29,29,56,56,87,65,66,30,30,26,65,34,29,26,24,14,33,11,11,14,9,-20,
-20,-26,4,-12,-11,-22,-13,-20,-21,-15,11,-5,-5,-19,-10,-12,8,8,4,-12,-23,-9,
-40,-38,-24,-23,17,0,4,0,4,4,20,23,23,23,7,22,28,29,29,37,48,29,29,29,44,44,34,
56,58,26,6,0,0,0,0,-21,-27,-85,-110,-133,-112,-125,-109,-110,-84,-346,-348,
-357,-357,-1052,-1130,-1130,-435,-442,-455]} 1. e4 c5 2. Nf3 d6 3. d4 cxd4 4.
Nxd4 Nf6 5. Nc3 a6 6. Be2 e5 7. Nf3 Be7 8. Bg5 Nbd7 9. O-O O-O 10. a4 h6 11.
Bxf6 Nxf6 12. Bc4 Qc7 13. Qd3 Be6 14. Nd5 Nxd5 15. Bxd5 Bxd5 16. Qxd5 Rab8 17.
c3 Qb6 18. Rab1 Rfc8 19. a5 Qd8 20. Rfd1 Qe8 21. h3 Rc5 22. Qa2 Qc6 23. Rd5 Rc4
24. Re1 Rc8 25. Nd2 Ra4 26. Qb1 Bd8 27. Qd3 Be7 28. b3 Ra3 29. c4 Qc7 30. Qc3
Bd8 31. Ra1 Rxa1+ 32. Qxa1 Qe7 33. Nf3 Rc6 34. Qc3 Bc7 35. b4 Bb8 36. Qd3 Rc8
37. c5 dxc5 38. Rd7 Qe6 39. bxc5 Ba7 40. Rd8+ Kh7 41. Rxc8 Qxc8 42. Qd5 f6 43.
Qf7 Qxc5 44. Qxb7 Qxf2+ 45. Kh1 Qf1+ 46. Kh2 Be3 47. Qb3 Bf4+ 48. g3 Qf2+ 49.
Kh1 Qxg3 0-1

[Event "34. Bayerische Senioren EM"]
[Site "Bergen im Chiemgau"]
[Date "2024.06.01"]
[Round "5.9"]
[White "Kneutgen, Alexander"]
[Black "Jiritschka, Wolfgang"]
[Result "1-0"]
[WhiteElo "2038"]
[BlackElo "1882"]
[PlyCount "71"]
[EventDate "2024.??.??"]
[WhiteTeam "SG Niederkassel"]
[BlackTeam "Bayer Leverkusen"]

{[%evp 0,71,29,14,51,-6,11,-6,8,22,9,4,33,21,13,28,44,57,49,15,46,-21,-22,-38,
-38,-38,30,44,42,42,61,41,151,137,182,230,232,236,244,246,237,232,227,249,255,
287,258,256,256,249,270,289,387,266,269,233,229,234,234,240,215,178,183,178,
221,254,246,266,256,256,448,447,927,967]} 1. Nf3 c5 2. g3 Nc6 3. Bg2 g6 4. O-O
Bg7 5. d3 e6 6. e4 Nge7 7. Nc3 a6 8. Be3 Nd4 9. Qd2 O-O 10. Nd1 d5 11. Nh4 dxe4
12. dxe4 Qc7 13. c3 Nb5 14. f4 Nd6 15. Qf2 c4 16. Bb6 Qb8 17. Qc5 Nc6 18. e5
Nf5 19. Nxf5 exf5 20. Ne3 Be6 21. Nxc4 Bxc4 22. Qxc4 Re8 23. Rad1 Qc8 24. Rd2
Bf8 25. Rfd1 Be7 26. Bd5 Nd8 27. Qb3 Bc5+ 28. Kg2 Bxb6 29. Qxb6 Rb8 30. Bf3 Ne6
31. Rd7 Rd8 32. Rxd8+ Nxd8 33. Rd6 Ne6 34. Bd5 Nc5 35. e6 fxe6 36. Rxe6 1-0

[Event "34. Bayerische Senioren EM"]
[Site "Bergen im Chiemgau"]
[Date "2024.06.01"]
[Round "5.10"]
[White "Schubert, Joachim"]
[Black "Pieper, Thomas"]
[Result "1/2-1/2"]
[BlackElo "2170"]
[BlackTeam "SC Gröbenzell"]
[EventDate "2024.??.??"]
[PlyCount "45"]
[WhiteElo "1926"]
[WhiteTeam "TSG Oberschöneweide e.V."]

1. e4 c5 2. Nf3 d6 3. d4 cxd4 4. Nxd4 Nf6 5. Nc3 a6 6. a4 g6 7. Be2 Nbd7 8. Be3
b6 9. f3 h5 10. Qd2 Bb7 11. O-O Qc7 12. Rfc1 Ne5 13. b3 Rc8 14. Nd1 d5 15. exd5
Nxd5 16. Bf2 Bh6 17. Ne3 Nc3 18. Bc4 Nd5 19. Bxd5 Bxd5 20. Nxd5 Bxd2 21. Nxc7+
Rxc7 22. Rd1 Bb4 23. c4  1/2-1/2

[Event "34. Bayerische Senioren EM"]
[Site "Bergen im Chiemgau"]
[Date "2024.06.01"]
[Round "5.11"]
[White "Oechslein, Rainer"]
[Black "Korat, Bernard"]
[Result "1-0"]
[WhiteElo "2097"]
[BlackElo "1943"]
[PlyCount "123"]
[EventDate "2024.??.??"]
[WhiteTeam "SK Schweinfurt"]
[BlackTeam "vereinslos"]

{[%evp 0,118,29,29,56,56,56,33,59,27,39,39,41,39,30,25,32,3,0,0,-4,0,-5,-9,-2,
-12,21,8,42,35,104,99,84,94,94,64,102,101,77,63,50,51,62,54,81,105,79,98,98,
105,116,116,116,102,90,115,121,83,62,74,101,88,148,117,128,93,88,90,119,125,
132,102,245,182,248,148,492,546,674,617,629,430,475,542,544,85,39,106,106,126,
141,184,168,135,378,446,498,477,498,253,498,151,149,168,168,125,488,551,584,
636,738,642,631,124,124,120,124,116,128,130,125]} 1. e4 c5 2. Nf3 Nc6 3. Bb5 g6
4. Bxc6 dxc6 5. d3 Bg7 6. O-O Nf6 7. h3 O-O 8. Nbd2 Qc7 9. a4 b6 10. Re1 Rd8
11. Qe2 a5 12. Nf1 b5 13. Bg5 Nh5 14. e5 Bf8 15. Qe3 Qa7 16. Bh6 Ng7 17. g4 c4
18. dxc4 bxc4 19. Qc3 Be6 20. Ne3 Bd5 21. Nxc4 e6 22. Nd6 Bxf3 23. Qxf3 Bxd6
24. exd6 Rxd6 25. Red1 Qc5 26. Rxd6 Qxd6 27. Rd1 Qc7 28. Qf6 Ne8 29. Qd4 Qe7
30. Kg2 Qh4 31. Bf4 Qe7 32. c4 g5 33. Bg3 h6 34. Qb6 c5 35. Qc6 Ra7 36. Qc8 Kg7
37. Kg1 Rb7 38. Rd8 Nf6 39. Be5 Kg6 40. Rg8+ Kh7 41. Rh8+ Kg6 42. Bxf6 Kxf6 43.
Rxh6+ Ke5 44. Qh8+ Kd6 45. Qc3 Qc7 46. Rh7 Qc6 47. Qd2+ Ke5 48. Qc3+ Kd6 49.
Qd3+ Ke5 50. Rh5 Qe4 51. Rxg5+ f5 52. Qc3+ Kf4 53. Qd2+ Ke5 54. gxf5 exf5 55.
Rg6 Qd4 56. Qg5 Rxb2 57. Qg3+ f4 58. Rg5+ Kf6 59. Qh4 Qxf2+ 60. Qxf2 Rxf2 61.
Kxf2 Kxg5 62. Kf3 1-0

[Event "34. Bayerische Senioren EM"]
[Site "Bergen im Chiemgau"]
[Date "2024.06.01"]
[Round "5.12"]
[White "Gläser, Wilfried"]
[Black "Elbert, Gebhard"]
[Result "1/2-1/2"]
[BlackElo "1939"]
[BlackTeam "SF 1967 Sailauf e.V."]
[EventDate "2024.??.??"]
[PlyCount "64"]
[WhiteElo "2081"]
[WhiteTeam "SK Anderten"]

1. Nf3 d5 2. g3 c6 3. Bg2 Bg4 4. d3 Nd7 5. h3 Bxf3 6. Bxf3 e6 7. Nd2 Bd6 8. c4
Ne7 9. Qc2 Nf5 10. Nb3 O-O 11. Bd2 a5 12. a4 Qe7 13. e4 dxc4 14. dxc4 Nh6 15.
O-O b6 16. Bg2 Bb4 17. Rad1 Ne5 18. Bxh6 gxh6 19. f4 Ng6 20. e5 h5 21. Qe2 h4
22. g4 Rad8 23. Qe4 Rxd1 24. Rxd1 Rd8 25. Rxd8+ Qxd8 26. Bf3 Bd2 27. f5 Nf4 28.
Kf1 Nxh3 29. Qd4 Qxd4 30. Nxd4 Bg5 31. fxe6 fxe6 32. Bxc6 Bf4  1/2-1/2

[Event "34. Bayerische Senioren EM"]
[Site "Bergen im Chiemgau"]
[Date "2024.06.01"]
[Round "5.13"]
[White "Hess, Christian"]
[Black "Jaeger, Andre"]
[Result "1-0"]
[BlackElo "1942"]
[BlackTeam "SC Rochade (Berlin)"]
[EventDate "2024.??.??"]
[PlyCount "29"]
[WhiteElo "2157"]
[WhiteTeam "FC ST.Pauli"]

1. d4 g6 2. e4 Bg7 3. Nf3 c5 4. d5 b5 5. a4 Qa5+ 6. Nbd2 Ba6 7. c3 c4 8. Ra3 b4
9. cxb4 Qxb4 10. Qc2 Nf6 11. Bxc4 O-O 12. O-O Rc8 13. Rc3 Ne8 14. Bxa6 Rxc3 15.
bxc3  1-0

[Event "34. Bayerische Senioren EM"]
[Site "Bergen im Chiemgau"]
[Date "2024.06.01"]
[Round "5.14"]
[White "Huber, Walter"]
[Black "Beckers, Manfred"]
[Result "0-1"]
[WhiteElo "1894"]
[BlackElo "1997"]
[PlyCount "64"]
[EventDate "2024.??.??"]
[WhiteTeam "SG Traunstein/Traunreut"]
[BlackTeam "SC Plüderhausen"]

{[%evp 0,64,29,-7,15,-7,13,11,23,24,15,4,4,-4,-7,-7,18,6,27,21,-7,-6,-8,-9,-14,
-24,38,29,29,39,39,11,1,0,0,-11,-22,-35,-8,-5,-15,-52,-32,-36,-42,-49,-13,-25,
0,0,-24,-12,-32,-38,-13,0,0,-87,-39,-33,-45,-339,-223,-673,-801,-1140,-1156]} 
1. c4 c5 2. g3 Nf6 3. Bg2 g6 4. Nc3 Bg7 5. Nh3 O-O 6. Nf4 d6 7. O-O Nbd7 8. d3
a6 9. a3 Rb8 10. Rb1 b5 11. cxb5 axb5 12. b4 Bb7 13. Bxb7 Rxb7 14. bxc5 Nxc5
15. Bd2 Qd7 16. d4 Nce4 17. f3 Nxc3 18. Bxc3 g5 19. Ng2 Nd5 20. Be1 Rc8 21. Qd3
Rc4 22. e3 Rbc7 23. Rf2 Bf6 24. Rfb2 Nc3 25. Bxc3 Rxc3 26. Qxb5 Rc1+ 27. Ne1
Qe6 28. Qb3 Qf5 29. Kf2 Qh3 30. Rxc1 Qxh2+ 31. Ng2 Rxc1 32. Rb1 Qg1+ 0-1

[Event "34. Bayerische Senioren EM"]
[Site "Bergen im Chiemgau"]
[Date "2024.06.01"]
[Round "5.15"]
[White "Michalek, Barbara"]
[Black "Hartlieb, Jürgen"]
[Result "1-0"]
[BlackElo "1983"]
[BlackTeam "SC Grunbach"]
[EventDate "2024.??.??"]
[PlyCount "65"]
[WhiteElo "1891"]
[WhiteTeam "SK Lehrte"]

1. d4 c6 2. c4 g6 3. Nc3 Bg7 4. Nf3 d5 5. e3 Nf6 6. Bd3 Bg4 7. h3 Bxf3 8. Qxf3
dxc4 9. Bxc4 O-O 10. O-O Nbd7 11. Qe2 b5 12. Bd3 e5 13. Rd1 Qe7 14. dxe5 Nxe5
15. e4 b4 16. Na4 Nxd3 17. Rxd3 Qxe4 18. Qxe4 Nxe4 19. f3 Ng3 20. Be3 Rfe8 21.
Kf2 Nf5 22. Bc5 Rad8 23. Rad1 Rxd3 24. Rxd3 a5 25. g4 Ne7 26. Re3 Kf8 27. Nb6
f5 28. Nc4 Bh6 29. Re2 Bf4 30. Nxa5 fxg4 31. fxg4 Kf7 32. Rxe7+ Rxe7 33. Bxe7 
1-0

[Event "34. Bayerische Senioren EM"]
[Site "Bergen im Chiemgau"]
[Date "2024.06.01"]
[Round "5.16"]
[White "Lechner, Otto"]
[Black "Biller, Helmut"]
[Result "1/2-1/2"]
[BlackElo "1971"]
[BlackTeam "SF Frankfurt"]
[EventDate "2024.??.??"]
[PlyCount "38"]
[WhiteElo "1913"]
[WhiteTeam "TSV Wertingen"]

1. e4 e5 2. Nf3 Nc6 3. d3 Nf6 4. c3 Bc5 5. h3 d5 6. Qc2 h6 7. Nbd2 O-O 8. Be2
Be6 9. g4 Nh7 10. Nf1 dxe4 11. dxe4 Ng5 12. Bxg5 hxg5 13. Ng3 g6 14. Rd1 Qe7
15. O-O a6 16. Rd2 Rad8 17. Rfd1 Rxd2 18. Rxd2 Rd8 19. b3 Rxd2  1/2-1/2

[Event "34. Bayerische Senioren EM"]
[Site "Bergen im Chiemgau"]
[Date "2024.06.01"]
[Round "5.17"]
[White "Limbach, Torsten"]
[Black "Zerweck, Christoph"]
[Result "1-0"]
[WhiteElo "1945"]
[BlackElo "1917"]
[PlyCount "73"]
[EventDate "2024.??.??"]
[WhiteTeam "SV Großhansdorf"]
[BlackTeam "SV Herrenberg e.V."]

{[%evp 0,73,29,26,16,24,30,-8,12,23,37,10,12,5,30,13,13,22,30,14,60,38,38,22,
22,-5,0,-21,7,-14,-14,-1,25,20,23,31,12,15,14,14,36,26,12,7,0,22,19,-13,0,0,0,
-12,-11,9,0,-23,248,253,279,292,294,251,250,262,279,250,251,201,206,214,249,
222,222,223,223,223]} 1. d4 d5 2. Nf3 Nf6 3. g3 c6 4. Bg2 Bg4 5. c4 e6 6. Ne5
Bh5 7. Qb3 Qb6 8. c5 Qa6 9. Bf1 Qa5+ 10. Bd2 Qc7 11. Bf4 Qc8 12. h3 Nbd7 13. g4
Bg6 14. Nxg6 hxg6 15. Bg2 b6 16. cxb6 axb6 17. Nc3 Be7 18. O-O O-O 19. Rfc1 Qa6
20. e4 dxe4 21. Nxe4 Nd5 22. Bg3 Rac8 23. Nd6 Bxd6 24. Bxd6 Rfd8 25. Bg3 c5 26.
dxc5 Nxc5 27. Qf3 Nd3 28. Rxc8 Rxc8 29. Bf1 N5b4 30. Rd1 Qxa2 31. Bxd3 Nxd3 32.
Qxd3 Qxb2 33. Qb1 Rc2 34. Be5 Qa2 35. Qxa2 Rxa2 36. Rb1 Re2 37. Bd4 1-0

[Event "34. Bayerische Senioren EM"]
[Site "Bergen im Chiemgau"]
[Date "2024.06.01"]
[Round "5.18"]
[White "Königl, Anton"]
[Black "Aßmann, Norbert"]
[Result "1/2-1/2"]
[BlackElo "1962"]
[BlackTeam "SF 1967 Sailauf e.V."]
[EventDate "2024.??.??"]
[PlyCount "27"]
[WhiteElo "1881"]
[WhiteTeam "FC Ergolding"]

1. e4 g6 2. d4 Bg7 3. Be3 c6 4. c3 d5 5. Bd3 dxe4 6. Bxe4 Nf6 7. Bf3 Nbd7 8. Nd2
Nb6 9. Ne4 Nfd5 10. Bc1 Qc7 11. Ne2 Bd7 12. Nc5 e5 13. O-O O-O 14. Nxd7 
1/2-1/2

[Event "34. Bayerische Senioren EM"]
[Site "Bergen im Chiemgau"]
[Date "2024.06.01"]
[Round "5.19"]
[White "Mitschka, Manfred"]
[Black "Röder, Gerd"]
[Result "0-1"]
[WhiteElo "1876"]
[BlackElo "2139"]
[PlyCount "108"]
[EventDate "2024.??.??"]
[WhiteTeam "SK Neuburg"]
[BlackTeam "SV Altensittenbach"]

{[%evp 0,108,29,19,19,19,27,10,25,36,29,31,20,-10,7,-3,-17,3,-4,-5,-1,6,-7,-5,
-12,-21,-14,-26,-14,-26,5,-2,1,9,15,-12,-12,-15,-21,-22,-9,-12,-7,-7,-7,-19,
-23,-27,0,8,17,1,4,-6,-14,-18,-6,-10,-6,-5,-8,-11,0,-29,-31,-40,-32,-30,-35,
-34,-28,-34,-18,-34,-27,-37,-31,-42,-20,-49,-33,-59,-53,-48,-62,-73,-72,-77,
-40,-39,-47,-44,-29,-29,-35,-25,37,34,36,54,54,67,60,-268,-285,-283,-283,-315,
-304,-1129,-1683]} 1. d4 d5 2. Nf3 Nf6 3. c4 c6 4. e3 Bf5 5. cxd5 cxd5 6. Bd3
Bxd3 7. Qxd3 Nc6 8. Bd2 e6 9. Nc3 Be7 10. O-O O-O 11. h3 a6 12. Rfc1 Rc8 13.
Be1 Nd7 14. Qd1 b5 15. Ne2 Qb6 16. Rc2 Rc7 17. Rac1 Rfc8 18. g3 h6 19. h4 Na5
20. Rxc7 Rxc7 21. b3 Rxc1 22. Qxc1 Nc6 23. Nf4 Na7 24. Nd3 Qc6 25. Qxc6 Nxc6
26. Kf1 f6 27. Bc3 b4 28. Ba1 Na7 29. Ke2 Nb5 30. Bb2 Kf7 31. Nf4 g5 32. hxg5
hxg5 33. Nd3 a5 34. Nfe1 Ke8 35. Nc2 Kd8 36. Kd2 Kc7 37. Kc1 Kc6 38. Kd2 Nd6
39. f3 g4 40. Ke2 gxf3+ 41. Kxf3 Ne4 42. Nf2 Nxf2 43. Kxf2 Nb6 44. Kf3 Nc8 45.
e4 dxe4+ 46. Kxe4 Nd6+ 47. Kf4 Bf8 48. d5+ exd5 49. Bxf6 Ne4 50. Nd4+ Kd7 51.
g4 Nxf6 52. g5 Ne4 53. g6 Nc3 54. Ke5 Bg7+ 0-1

[Event "34. Bayerische Senioren EM"]
[Site "Bergen im Chiemgau"]
[Date "2024.06.01"]
[Round "5.20"]
[White "Keller, Harald"]
[Black "Hansch, Klaus-Michael"]
[Result "1-0"]
[BlackElo "1897"]
[BlackTeam "SC Weisse Dame e.V."]
[EventDate "2024.??.??"]
[PlyCount "39"]
[WhiteElo "2052"]
[WhiteTeam "SV Rottweil"]

1. e4 d5 2. exd5 Nf6 3. d4 Nxd5 4. Nf3 a6 5. c4 Nf6 6. Nc3 Bg4 7. Be2 e6 8. h3
Bxf3 9. Bxf3 c6 10. Bf4 Bb4 11. O-O O-O 12. Qb3 Bxc3 13. bxc3 Qc8 14. a4 Nbd7
15. a5 Re8 16. Rfe1 h6 17. Rab1 Ra7 18. Be3 Qc7 19. Qa3 e5 20. dxe5  1-0

[Event "34. Bayerische Senioren EM"]
[Site "Bergen im Chiemgau"]
[Date "2024.06.01"]
[Round "5.21"]
[White "Desoye, Gernot"]
[Black "Neubauer, Jaroslaus"]
[Result "1-0"]
[WhiteElo "1887"]
[BlackElo "2046"]
[PlyCount "99"]
[EventDate "2024.??.??"]
[WhiteTeam "SF Graz AT"]
[BlackTeam "SK Schweinfurt"]

{[%evp 0,99,29,19,24,10,7,10,-8,-13,-5,-1,25,25,47,46,43,49,32,35,56,39,49,-15,
-15,-19,-20,-18,-8,-13,-6,-24,2,-24,-13,0,-5,-43,-49,-64,-65,-102,-97,-86,-55,
-77,-32,-45,-38,-56,-13,-36,-23,-24,-16,0,0,-18,-18,-15,-8,-13,4,4,-5,-22,64,
35,85,87,115,87,207,215,218,183,199,190,276,235,242,256,272,254,264,252,283,
244,298,309,1015,286,341,306,307,282,376,483,724,639,767,826]} 1. d4 Nf6 2. c4
e6 3. Nc3 d5 4. cxd5 exd5 5. Bg5 Be7 6. Nf3 Nbd7 7. e3 O-O 8. Bd3 c6 9. O-O Re8
10. Qb1 Nf8 11. Bxf6 Bxf6 12. b4 a6 13. a4 Bg4 14. Nd2 g6 15. Rc1 Be7 16. Qb3
Be6 17. Ne2 Bd6 18. Qb2 Nd7 19. Rc3 Qh4 20. Nf1 Nf6 21. Neg3 Rec8 22. Rac1 Ne4
23. Nxe4 dxe4 24. Be2 Qg5 25. Ng3 Bd5 26. Bc4 h5 27. Bxd5 Qxd5 28. b5 axb5 29.
axb5 h4 30. bxc6 bxc6 31. Nf1 Ra2 32. Qb3 Qa5 33. Qb1 h3 34. Qxe4 hxg2 35. Kxg2
Qa6 36. Rxc6 Rxc6 37. Qxc6 Qe2 38. Qf3 Qa6 39. Ng3 Bxg3 40. hxg3 Ra5 41. e4 Ra3
42. Rc3 Ra1 43. Qd3 Qa5 44. d5 Qa4 45. Rc4 Qd7 46. Qc3 Ra8 47. Rc7 Qe8 48. e5
Qf8 49. d6 Rd8 50. Qc6 1-0

[Event "34. Bayerische Senioren EM"]
[Site "Bergen im Chiemgau"]
[Date "2024.06.01"]
[Round "5.22"]
[White "Blumenstock, Axel"]
[Black "Beutelhoff, Josef"]
[Result "0-1"]
[WhiteElo "1885"]
[BlackElo "2032"]
[PlyCount "69"]
[EventDate "2024.??.??"]
[WhiteTeam "SF Taunus"]
[BlackTeam "SF Olfen"]

{[%evp 0,69,29,29,56,56,56,45,40,50,41,41,64,52,53,43,47,14,16,9,26,-9,7,2,31,
15,67,55,62,70,78,51,70,12,39,26,25,-11,22,-103,-109,-228,-202,-200,-155,-189,
-216,-261,-238,-317,-297,-289,-301,-302,-319,-319,-279,-279,-279,-279,-357,
-377,-104,-84,-95,-190,-185,-183,-197,-211,-181,-624]} 1. e4 c5 2. Nc3 Nc6 3.
Bb5 Nd4 4. Nf3 Nxb5 5. Nxb5 a6 6. Nc3 d6 7. d3 Nf6 8. b3 g6 9. Bb2 e5 10. Qd2
Bg7 11. h3 h5 12. O-O Be6 13. Ng5 Nh7 14. Nxe6 fxe6 15. Ne2 O-O 16. Qe3 g5 17.
c3 Rc8 18. Rfd1 Qf6 19. Rac1 g4 20. Ng3 Bh6 21. Qe2 gxh3 22. Nxh5 Qg6 23. g4
Ng5 24. Kh2 Nf3+ 25. Kxh3 Qg5 26. Rh1 Qh4+ 27. Kg2 Qxg4+ 28. Ng3 Bxc1 29. Bxc1
Nh4+ 30. Kf1 Qxe2+ 31. Kxe2 Ng6 32. Be3 Nf4+ 33. Kd2 Rc7 34. Rh6 Kg7 35. Rxe6
0-1

[Event "34. Bayerische Senioren EM"]
[Site "Bergen im Chiemgau"]
[Date "2024.06.01"]
[Round "5.23"]
[White "Waltenberger, Udo"]
[Black "Küspert, Erwin"]
[Result "1-0"]
[WhiteElo "1993"]
[BlackElo "1884"]
[PlyCount "76"]
[EventDate "2024.??.??"]
[WhiteTeam "SV Eiche Reichenbrand"]
[BlackTeam "DJK-SV Schaibing"]

{[%evp 0,76,29,14,26,-21,17,16,15,3,28,26,21,28,13,10,46,1,25,16,42,42,103,103,
117,117,117,79,62,59,67,80,87,90,118,105,154,173,142,114,164,145,172,159,167,
167,180,173,245,240,240,233,245,201,245,258,239,257,270,221,245,257,326,332,
363,351,352,328,376,371,375,361,404,391,384,353,356,368,371]} 1. Nf3 Nf6 2. g3
g6 3. c4 Bg7 4. Bg2 d6 5. d4 O-O 6. O-O Nc6 7. Nc3 e5 8. dxe5 dxe5 9. Bg5 Qxd1
10. Rfxd1 Be6 11. Nd5 Bxd5 12. cxd5 Nb4 13. Rac1 e4 14. Bxf6 Bxf6 15. Ne1 Na6
16. Bxe4 Rfe8 17. Bf3 Rad8 18. Nd3 Be7 19. b4 Bd6 20. a3 b6 21. e3 Nb8 22. Bg2
Nd7 23. e4 Ne5 24. Nxe5 Bxe5 25. f4 Bb2 26. Rb1 Bf6 27. e5 Bg7 28. Rbc1 Re7 29.
Bh3 f5 30. Bf1 a6 31. Bxa6 Ra8 32. Bc4 Kf8 33. Rd3 h6 34. Kg2 g5 35. Kf3 g4+
36. Kf2 h5 37. d6 cxd6 38. exd6 Re4 1-0

[Event "34. Bayerische Senioren EM"]
[Site "Bergen im Chiemgau"]
[Date "2024.06.01"]
[Round "5.24"]
[White "Hirstel, Serge"]
[Black "Luef, Herbert"]
[Result "1/2-1/2"]
[BlackElo "1985"]
[BlackTeam "TSV Ingolstadt Nord"]
[EventDate "2024.??.??"]
[PlyCount "43"]
[WhiteElo "1880"]
[WhiteTeam "Hindisheim France"]

1. e4 c5 2. Nf3 Nc6 3. Bb5 a6 4. Bxc6 dxc6 5. d3 Bg4 6. h3 Bxf3 7. Qxf3 g6 8.
Bd2 Bg7 9. Bc3 Bd4 10. O-O e6 11. Qg3 Nf6 12. Bxd4 cxd4 13. Nd2 O-O 14. Qe5 b6
15. f4 c5 16. Qg5 Nd7 17. Qh6 f5 18. e5 Qe7 19. b3 Qg7 20. Qh4 h6 21. Qg3 b5
22. h4  1/2-1/2

[Event "34. Bayerische Senioren EM"]
[Site "Bergen im Chiemgau"]
[Date "2024.06.01"]
[Round "5.25"]
[White "Brettschneider, Karl"]
[Black "Loibl, Johann"]
[Result "1/2-1/2"]
[BlackElo "1841"]
[BlackTeam "ÖSTERREICH"]
[EventDate "2024.??.??"]
[PlyCount "31"]
[WhiteElo "1965"]
[WhiteTeam "SC Leinfelden"]

1. c4 e5 2. Nc3 f5 3. g3 Nc6 4. Bg2 Nf6 5. e3 g6 6. Nge2 Bg7 7. d4 d6 8. O-O O-O
9. b3 e4 10. f3 exf3 11. Bxf3 Ne7 12. e4 fxe4 13. Nxe4 Nxe4 14. Bxe4 Bg4 15.
Bb2 Nc6 16. Bxc6  1/2-1/2

[Event "34. Bayerische Senioren EM"]
[Site "Bergen im Chiemgau"]
[Date "2024.06.01"]
[Round "5.26"]
[White "Harke, Horst"]
[Black "Jachs, Walter"]
[Result "1-0"]
[WhiteElo "1830"]
[BlackElo "1964"]
[PlyCount "119"]
[EventDate "2024.??.??"]
[WhiteTeam "SK Varel"]
[BlackTeam "SC Haar"]

{[%evp 0,116,29,19,26,10,43,43,78,31,29,23,25,23,15,3,23,-38,-33,-23,-29,-39,
-20,-67,-62,-45,-40,-58,-54,-54,-21,-24,-21,-57,-20,-48,0,2,27,3,6,-35,-30,-40,
-23,-75,-72,-66,-76,-113,-87,-139,-116,-171,-87,-158,-136,-163,-172,-211,-233,
-234,-183,-192,-192,-203,-163,-203,-173,-222,-73,-224,-196,-176,-156,-101,-97,
-142,-78,-137,-137,-142,-94,-61,0,0,121,141,124,119,119,72,175,72,252,264,259,
330,1670,236,251,254,559,585,590,594,659,677,966,417,415,405,500,409,806,519,
588,663,645]} 1. d4 Nf6 2. c4 g6 3. Nc3 d5 4. e3 Bg7 5. h3 O-O 6. Nf3 c5 7.
dxc5 Qa5 8. Nd2 dxc4 9. Bxc4 Qxc5 10. Qe2 a6 11. Nde4 Nxe4 12. Nxe4 Qb4+ 13.
Bd2 Qxb2 14. O-O Qxa1 15. Rxa1 Bxa1 16. Bb4 Nc6 17. Ba3 Re8 18. Bd5 Nd8 19. Nc5
Ra7 20. Nd3 b6 21. Nb4 Be6 22. Bxe6 Nxe6 23. Nd5 b5 24. h4 h5 25. f4 Rd7 26.
Qe1 Red8 27. Qxa1 Rxd5 28. Kh2 R8d7 29. Qc1 Rc7 30. Qb1 Ng7 31. Qe4 e6 32. Qb4
Rc8 33. Qa5 Rc2 34. Bb4 Rc6 35. Qa3 Rc4 36. Be7 Rd7 37. Bf6 Ne8 38. Bd4 Ra4 39.
Qc3 Rc4 40. Qa3 Rd6 41. Be5 Rd7 42. Qxa6 Rc2 43. Qxb5 Rd8 44. a4 Ng7 45. Qb6
Rdd2 46. Qb7 Ra2 47. Qa8+ Kh7 48. a5 Ne8 49. a6 f6 50. Qb7+ Kh6 51. a7 fxe5 52.
a8=Q Rxa8 53. Qxa8 Nf6 54. Qh8+ Nh7 55. Qxe5 Nf8 56. e4 Rf2 57. Qd6 Nh7 58. Kg3
Re2 59. Qxe6 Re3+ 60. Kh2 1-0